000 00689nam a2200277Ia 4500
005 20260324133359.0
008 008 260324s9999 xx 000 0 eng d
020 _a9781315197296
037 _aEBOOK
040 _aCRL
040 _beng
040 _cCRL
041 _2eng
041 _aeng
084 _qCRL
100 _aPeter Berck; Gloria E. Helfand
_91192878
245 4 _aThe Theory and Practice of Command and Control in Environmental Policy
260 _bTaylor and Francis
260 _c2003
365 _a
365 _b255
856 _uhttp://www.taylorfrancis.com/books/9781315197296
942 _cEBOOK
999 _c1791853
_d1791853